<?xml version="1.0" encoding="UTF-8"?>
<collection xmlns="http://www.loc.gov/MARC21/slim">
 <record>
  <leader>04274cam a22003851a 4500</leader>
  <controlfield tag="001">000035509</controlfield>
  <controlfield tag="003">11795</controlfield>
  <controlfield tag="005">20221206154717.0</controlfield>
  <controlfield tag="008">160108s2015                  000   eng</controlfield>
  <datafield tag="040" ind1=" " ind2=" ">
   <subfield code="a">LNN</subfield>
  </datafield>
  <datafield tag="041" ind1=" " ind2=" ">
   <subfield code="a">eng</subfield>
  </datafield>
  <datafield tag="082" ind1=" " ind2=" ">
   <subfield code="a">420.4</subfield>
   <subfield code="b">NG-T</subfield>
  </datafield>
  <datafield tag="100" ind1=" " ind2=" ">
   <subfield code="a">Nguyễn,Thị Anh Thư</subfield>
  </datafield>
  <datafield tag="245" ind1=" " ind2="2">
   <subfield code="a">A study on linguistic features of poem titles in english and vietnamese /</subfield>
   <subfield code="c">Nguyễn Thị Anh Thư; Hồ Vũ Khuê Ngọc supervisor.</subfield>
  </datafield>
  <datafield tag="260" ind1=" " ind2=" ">
   <subfield code="c">2015</subfield>
   <subfield code="a">ĐHĐN :</subfield>
   <subfield code="b">ĐHĐN.</subfield>
  </datafield>
  <datafield tag="300" ind1=" " ind2=" ">
   <subfield code="a">102tr . : ;</subfield>
   <subfield code="c">30cm+.</subfield>
  </datafield>
  <datafield tag="500" ind1=" " ind2=" ">
   <subfield code="a">Master thesis in social sciences and humaanties.</subfield>
  </datafield>
  <datafield tag="520" ind1=" " ind2=" ">
   <subfield code="a">Vietnamese. With analysis of 170 poem titles in English and 170 poem titles in Vietnamese which are collected through the Internet, books and magazines, the study shows that poem titles have remarkable syntactic, semantic and lexical features and there are some similarities and differences between English and Vietnamese. The study conducted based on the combination of a variety of methods such as qualitative, quantitative and comparative methods. In terms of syntax, both English and Vietnamese poem titles are structured in the forms of phrases, dependent clauses and sentences. However, in each structural type, some differences are found. In terms of semantic features, poem themes are recognized in the two languages, including “Pair Love”, “Friendship”, “Family”, “War”, “Women”, “Children”, “Places”, “Nature - Human”, “Loneliness”, “School”, “Heroes”, “Patriotism”. In the corpus of the study, poems about “Children” and “Loneliness” are listed in English only. Whereas the themes of “School”, “Heroes” and “Patriotism” appear in Vietnamese only. In terms of lexical features, certain differences can be seen in the patterns of word formation and lexical choice, except for compounding and simple words, which are used in both English and Vietnamese song titles. Based on the findings and results of this study, some implications for the teaching and learning of English will also be suggested. Hopefully, the result of the study can be somewhat beneficial for the teaching and learning of English. This study may also be helpful for the readers of English.</subfield>
  </datafield>
  <datafield tag="650" ind1=" " ind2=" ">
   <subfield code="a">linguistic features of poem titles in english and vietnamese</subfield>
  </datafield>
  <datafield tag="653" ind1=" " ind2=" ">
   <subfield code="a">linguistic features of poem titles</subfield>
   <subfield code="a">linguistic features</subfield>
  </datafield>
  <datafield tag="700" ind1=" " ind2=" ">
   <subfield code="a">Hồ Vũ Khuê Ngọc</subfield>
   <subfield code="e">supervisor</subfield>
  </datafield>
  <datafield tag="OWN" ind1=" " ind2=" ">
   <subfield code="a">LNN</subfield>
  </datafield>
  <datafield tag="AVA" ind1=" " ind2=" ">
   <subfield code="a">UDN50</subfield>
   <subfield code="b">LNN</subfield>
   <subfield code="c">English</subfield>
   <subfield code="d">420.4 NG-T</subfield>
   <subfield code="e">available</subfield>
   <subfield code="t">Error 5001 Not defined in file expand_doc_bib_avail.</subfield>
   <subfield code="f">1</subfield>
   <subfield code="g">0</subfield>
   <subfield code="h">N</subfield>
   <subfield code="i">0</subfield>
   <subfield code="j">AN</subfield>
   <subfield code="k">1</subfield>
  </datafield>
  <datafield tag="Z40" ind1="3" ind2=" ">
   <subfield code="y">A study on linguistic features of poem titles in english and vietnamese /</subfield>
   <subfield code="l">Library of UFL</subfield>
   <subfield code="t">VIEW</subfield>
   <subfield code="x">http://catalog.udn.vn:80/F?func=service&amp;doc_library=UDN01&amp;local_base=UDN01&amp;doc_number=000035509&amp;sequence=000001&amp;line_number=0001&amp;func_code=DB_RECORDS&amp;service_type=MEDIA</subfield>
   <subfield code="f">SUMMARY_000012016.pdf</subfield>
   <subfield code="e">pdf</subfield>
   <subfield code="s">000665747</subfield>
   <subfield code="k">20210812</subfield>
   <subfield code="m">NTMTHI</subfield>
  </datafield>
  <datafield tag="Z40" ind1="3" ind2=" ">
   <subfield code="y">A study on linguistic features of poem titles in english and vietnamese /</subfield>
   <subfield code="l">Library of UFL</subfield>
   <subfield code="t">VIEW</subfield>
   <subfield code="x">http://catalog.udn.vn:80/F?func=service&amp;doc_library=UDN01&amp;local_base=UDN01&amp;doc_number=000035509&amp;sequence=000002&amp;line_number=0002&amp;func_code=DB_RECORDS&amp;service_type=MEDIA</subfield>
   <subfield code="f">luanvan_000012019.pdf</subfield>
   <subfield code="e">pdf</subfield>
   <subfield code="s">001270379</subfield>
   <subfield code="k">20210812</subfield>
   <subfield code="m">NTMTHI</subfield>
  </datafield>
  <datafield tag="999" ind1=" " ind2=" ">
   <subfield code="a">From the UDN01</subfield>
  </datafield>
  <datafield tag="AVA" ind1=" " ind2=" ">
   <subfield code="a">UDN50</subfield>
   <subfield code="b">LNN</subfield>
   <subfield code="c">English</subfield>
   <subfield code="d">420.4 NG-T</subfield>
   <subfield code="e">available</subfield>
   <subfield code="t">Error 5001 Not defined in file expand_doc_bib_avail.</subfield>
   <subfield code="f">1</subfield>
   <subfield code="g">0</subfield>
   <subfield code="h">N</subfield>
   <subfield code="i">0</subfield>
   <subfield code="j">AN</subfield>
   <subfield code="k">1</subfield>
  </datafield>
  <datafield tag="TYP" ind1=" " ind2=" ">
   <subfield code="a">Monograph</subfield>
  </datafield>
  <datafield tag="TYP" ind1=" " ind2=" ">
   <subfield code="a">Printed language</subfield>
  </datafield>
  <datafield tag="856" ind1=" " ind2=" ">
   <subfield code="y">A study on linguistic features of poem titles in english and vietnamese /</subfield>
   <subfield code="l">Library of UFL</subfield>
   <subfield code="t">VIEW</subfield>
   <subfield code="x">http://catalog.udn.vn:80/F?func=service&amp;doc_library=UDN01&amp;local_base=UDN01&amp;doc_number=000035509&amp;sequence=000001&amp;line_number=0001&amp;func_code=DB_RECORDS&amp;service_type=MEDIA</subfield>
   <subfield code="f">SUMMARY_000012016.pdf</subfield>
   <subfield code="e">pdf</subfield>
   <subfield code="s">000665747</subfield>
   <subfield code="k">20210812</subfield>
   <subfield code="m">NTMTHI</subfield>
  </datafield>
  <datafield tag="856" ind1=" " ind2=" ">
   <subfield code="y">A study on linguistic features of poem titles in english and vietnamese /</subfield>
   <subfield code="l">Library of UFL</subfield>
   <subfield code="t">VIEW</subfield>
   <subfield code="x">http://catalog.udn.vn:80/F?func=service&amp;doc_library=UDN01&amp;local_base=UDN01&amp;doc_number=000035509&amp;sequence=000002&amp;line_number=0002&amp;func_code=DB_RECORDS&amp;service_type=MEDIA</subfield>
   <subfield code="f">luanvan_000012019.pdf</subfield>
   <subfield code="e">pdf</subfield>
   <subfield code="s">001270379</subfield>
   <subfield code="k">20210812</subfield>
   <subfield code="m">NTMTHI</subfield>
  </datafield>
  <datafield tag="980" ind1=" " ind2=" ">
   <subfield code="a">Mạng thư viện Đại học Đà Nẵng</subfield>
  </datafield>
 </record>
</collection>
